[Event "PRO League Group Stage"]
[Site "chess.com INT"]
[Date "2018.02.24"]
[Round "7"]
[White "Sevian, Samuel"]
[Black "Tan, Justin2"]
[Result "1-0"]
[WhiteTitle "GM"]
[BlackTitle "IM"]
[WhiteElo "2614"]
[BlackElo "2466"]
[WhiteTeam "San Diego Surfers"]
[BlackTeam "London Lions"]
[WhiteFideId "2040506"]
[BlackFideId "3206882"]
[EventDate "2018.01.18"]

1. e4 e5 2. Nf3 Nc6 3. Bb5 a6 4. Ba4 Nf6 5. O-O Be7 6. Re1 b5 7. Bb3 d6 8. c3
O-O 9. h3 Nb8 10. d4 Nbd7 11. Nbd2 Bb7 12. Bc2 Re8 13. Nf1 Bf8 14. Ng3 g6 15. a4
Nb6 16. b3 bxa4 17. bxa4 a5 18. Rb1 Ba6 19. Bb3 Qd7 20. Bg5 Bg7 21. Qd2 Qc6 22.
Bh6 Bh8 23. Nh4 Bc4 24. Bc2 Nxa4 25. Nhf5 Nb6 26. f4 a4 27. fxe5 dxe5 28. d5 Qd7
29. Qg5 a3 30. Qh4 Qd8 31. Ne3 a2 32. Ra1 Ra3 33. Bg5 Rxc3 34. Ng4 Nbd7 35. Ba4
Qa8 36. Nxf6+ Nxf6 37. Bc6 Qa7+ 38. Kh2 Rc2 39. Be3 Qa3 40. Bxe8 Nxe8 41. Qd8
Bb5 42. Bh6 Qb2 43. Rg1 Bf6 44. Qb8 Ba4 45. Qa8 Bb5 46. Qb8 Be7 47. Rxa2 Qxa2
48. Qxb5 Qa8 49. Rf1 Nd6 50. Qd7 Qd8 51. Qg4 Qc8 52. Qf3 Rc4 53. Bc1 Bh4 54. Ba3
Bxg3+ 55. Qxg3 Rxe4 56. Qg5 Qd7 57. Qh6 Nf5 58. Qf8# 1-0

[Event "PRO League Group Stage"]
[Site "chess.com INT"]
[Date "2018.02.24"]
[Round "7"]
[White "Sevian, Samuel"]
[Black "Kobo, Ori"]
[Result "1/2-1/2"]
[WhiteTitle "GM"]
[BlackTitle "GM"]
[WhiteElo "2614"]
[BlackElo "2477"]
[WhiteTeam "San Diego Surfers"]
[BlackTeam "Oslo Trolls"]
[WhiteFideId "2040506"]
[BlackFideId "2812320"]
[EventDate "2018.01.18"]

1. e4 g6 2. d4 Bg7 3. Nc3 d6 4. Be3 a6 5. Qd2 b5 6. O-O-O Bb7 7. f3 Nd7 8. h4
Ngf6 9. g4 h6 10. Nh3 Nb6 11. Bd3 h5 12. Ng5 e6 13. e5 Nfd5 14. Nce4 Nxe3 15.
Qxe3 Nd5 16. Qe1 Qe7 17. exd6 cxd6 18. Qa5 hxg4 19. fxg4 Ne3 20. Qb6 Rd8 21.
Rde1 Nd5 22. Qa5 Bxd4 23. Nxf7 Qxf7 24. Ng5 Qf4+ 25. Kb1 O-O 26. Nxe6 Bb6 27.
Qa3 Qb4 28. Nxd8 Qxa3 29. bxa3 Nc3+ 30. Kb2 Na4+ 31. Kc1 Bxh1 32. Ne6 Re8 33.
Bxg6 Re7 34. Rxh1 Rxe6 35. Bd3 Be3+ 36. Kb1 Bd4 37. g5 Nc3+ 38. Kb2 Nd1+ 39. Kb3
Nf2 40. Rf1 Nxd3 41. cxd3 Re2 42. Rb1 a5 43. g6 Kg7 44. h5 Rh2 45. a4 bxa4+ 46.
Kxa4 Rxa2+ 47. Kb5 a4 48. Rf1 Bf6 49. Kb4 a3 50. Rf5 Ra1 51. Kb3 a2 52. Ka3 Rd1
53. Kxa2 Rxd3 54. Kb1 Rd2 55. Kc1 Rh2 56. Kd1 Be5 57. Rf7+ Kg8 58. Rf5 Bd4 59.
Ke1 Be5 60. Kd1 Rh1+ 61. Ke2 Rh3 62. Kd2 Kg7 63. Rf7+ Kg8 64. Rf5 Bg7 65. Ke2
Rh4 66. Ke3 Ra4 67. Kd3 Be5 68. Ke3 Ra3+ 69. Ke4 Ra4+ 70. Kd5 Kg7 71. Rf7+ Kh6
72. Rh7+ Kg5 73. g7 Bxg7 74. Rxg7+ Kxh5 75. Kxd6 1/2-1/2

[Event "PRO League Group Stage"]
[Site "chess.com INT"]
[Date "2018.02.24"]
[Round "7"]
[White "Skoberne, Jure"]
[Black "Li, Chao b"]
[Result "0-1"]
[WhiteTitle "GM"]
[BlackTitle "GM"]
[WhiteElo "2553"]
[BlackElo "2732"]
[WhiteTeam "Ljubljana Turtles"]
[BlackTeam "Chengdu Pandas"]
[WhiteFideId "14604299"]
[BlackFideId "8604436"]
[EventDate "2018.01.18"]

1. d4 Nf6 2. Nf3 g6 3. Bg5 Bg7 4. Nbd2 d5 5. c3 h6 6. Bf4 Nbd7 7. h3 b6 8. e3
Bb7 9. Bd3 c5 10. O-O O-O 11. b4 Ne4 12. bxc5 bxc5 13. Qb1 Nxd2 14. Nxd2 Bc6 15.
Bb5 Qb6 16. Bxc6 Qxc6 17. Nb3 e5 18. Bg3 a5 19. a4 f5 20. dxe5 Nxe5 21. Rd1 Rfd8
22. Qa2 Nc4 23. Rac1 Nb6 24. Qa3 Rdc8 25. c4 Nxc4 26. Qa2 Kh7 27. Nd2 Nb2 0-1

[Event "PRO League Group Stage"]
[Site "chess.com INT"]
[Date "2018.02.24"]
[Round "7"]
[White "Skoberne, Jure"]
[Black "Akobian, Varuzhan"]
[Result "1-0"]
[WhiteTitle "GM"]
[BlackTitle "GM"]
[WhiteElo "2553"]
[BlackElo "2647"]
[WhiteTeam "Ljubljana Turtles"]
[BlackTeam "Saint Louis Arch Bishops"]
[WhiteFideId "14604299"]
[BlackFideId "13300580"]
[EventDate "2018.01.18"]

1. Nf3 Nf6 2. g3 d5 3. Bg2 c6 4. c4 Bg4 5. Ne5 Bf5 6. cxd5 cxd5 7. Nc3 e6 8.
Qa4+ Nbd7 9. g4 Bc2 10. Nxf7 Kxf7 11. Qxc2 Nxg4 12. Nxd5 Qh4 13. Qc7 Qxf2+ 14.
Kd1 Ke8 15. Bf3 Nge5 16. Qxb7 Rb8 17. Nc7+ Ke7 18. Qe4 Qb6 19. d4 Qxc7 20. Bg5+
Kf7 21. Rc1 Qd6 22. Bf4 Rxb2 23. Bh5+ g6 24. Rf1 Kg7 25. Bg3 gxh5 26. Bf4 Be7
27. Rg1+ Kf7 28. Ke1 Qd5 29. Qxd5 exd5 30. dxe5 Ke6 31. Rc6+ Kf5 32. Bc1 Rb6 33.
Rc7 Rd8 34. Rg7 Bb4+ 35. Kf2 Nxe5 36. Rg5+ Ke6 37. Rxh7 Rf8+ 38. Kg2 Rf5 39.
Rh6+ Ng6 40. Rhxg6+ Ke5 41. Bb2+ Kf4 42. Bc1+ Ke5 43. Rxb6 Rxg5+ 44. Bxg5 axb6
45. a4 Ke4 46. Kg3 Be1+ 47. Kg2 Kd4 48. Kf3 Kc4 49. Be3 Ba5 50. Kf4 d4 51. Bf2
Bc3 52. Kg5 Kb3 53. Kxh5 Kxa4 54. e4 d3 55. Be3 d2 56. Bxd2 Bxd2 57. e5 Bb4 58.
Kg6 b5 59. h4 Bf8 60. Kf7 Bc5 61. h5 b4 62. h6 b3 63. h7 b2 64. h8=Q b1=Q 65.
Qa8+ Kb3 66. Qd5+ Ka4 67. Qxc5 Qf5+ 68. Ke7 Qh7+ 69. Kd6 Qh2 70. Kd7 Qh7+ 71.
Qe7 Qd3+ 72. Qd6 Qh7+ 73. Kc8 Qg8+ 74. Kc7 Kb5 75. Qc6+ Kb4 76. e6 Qg7+ 77. Kd8
Qf6+ 78. Kd7 Qf5 79. Qd6+ Kb5 80. Kc7 Qc2+ 81. Kb8 Qg6 82. Qd7+ Kb6 83. Qc7+ Ka6
84. Qb7+ Ka5 85. Qa7+ Kb5 86. Qd7+ Kb6 87. Qb7+ Ka5 88. e7 Qe8+ 89. Ka7 Ka4 90.
Kb6 Kb4 91. Qc7 Qg6+ 92. Kb7 Qe4+ 93. Kc8 Qa8+ 94. Kd7 Qa4+ 95. Qc6 Qa7+ 96. Ke6
Qe3+ 97. Kf7 Qf4+ 98. Qf6 Qc4+ 99. Qe6 Qf4+ 100. Qf6 Qc4+ 101. Kf8 Qc5 102. Qf4+
Ka3 103. Qg3+ Ka2 104. Qg8+ Ka3 105. Qe6 Kb2 106. Kf7 Qh5+ 107. Qg6 Qd5+ 108.
Kg7 Qd7 109. Qe4 Qe8 110. Qd4+ Kb3 111. Qd8 Qh5 112. e8=Q Qg4+ 113. Qg6 1-0

[Event "PRO League Group Stage"]
[Site "chess.com INT"]
[Date "2018.02.24"]
[Round "7"]
[White "Skoberne, Jure"]
[Black "Sadorra, Julio Catalino"]
[Result "1-0"]
[WhiteTitle "GM"]
[BlackTitle "GM"]
[WhiteElo "2553"]
[BlackElo "2539"]
[WhiteTeam "Ljubljana Turtles"]
[BlackTeam "Dallas Destiny"]
[WhiteFideId "14604299"]
[BlackFideId "5201268"]
[EventDate "2018.01.18"]

1. f4 Nh6 2. Nf3 g6 3. e4 d5 4. d3 Bg7 5. Be2 c6 6. c3 O-O 7. O-O Qb6+ 8. Kh1
dxe4 9. dxe4 Ng4 10. Nd4 e5 11. Bxg4 Bxg4 12. Qxg4 exd4 13. e5 Na6 14. Nd2 dxc3
15. bxc3 Nc5 16. Ba3 Rfd8 17. Nc4 Qa6 18. f5 Nd3 19. e6 c5 20. f6 Bh6 21. exf7+
Kh8 22. Rf3 b5 23. Rxd3 Rxd3 24. Ne5 Qxa3 25. Qh4 Rg8 26. fxg8=Q+ Kxg8 27. Qxh6 1-0

[Event "PRO League Group Stage"]
[Site "chess.com INT"]
[Date "2018.02.24"]
[Round "7"]
[White "Hauge, Lars Oskar"]
[Black "Chandra, Akshat"]
[Result "0-1"]
[WhiteTitle "IM"]
[BlackTitle "GM"]
[WhiteElo "2436"]
[BlackElo "2510"]
[WhiteTeam "Oslo Trolls"]
[BlackTeam "Saint Louis Arch Bishops"]
[WhiteFideId "1509276"]
[BlackFideId "25006711"]
[EventDate "2018.01.18"]

1. e4 c5 2. Nf3 e6 3. Nc3 Nc6 4. Bb5 Nd4 5. O-O a6 6. Bd3 Nc6 7. b3 d6 8. Bb2
Nf6 9. Re1 Be7 10. Bf1 e5 11. h3 O-O 12. d3 Be6 13. Ne2 Re8 14. Ng3 Bf8 15. c3
d5 16. exd5 Bxd5 17. c4 Bxf3 18. Qxf3 g6 19. Ne4 Nxe4 20. Qxe4 Qd7 21. g3 Rad8
22. Rad1 Qc7 23. Bg2 Bg7 24. h4 Re7 25. h5 Red7 26. Bh3 Rd6 27. Bg2 b6 28. a3
Qd7 29. Qe3 gxh5 30. Qg5 Qg4 31. Qxg4 hxg4 32. Bxc6 Rxc6 33. Bxe5 h5 34. Re3 Bh6
35. Re2 b5 36. cxb5 axb5 37. Bc3 Kh7 38. Kg2 Rcd6 39. Re5 Rd5 40. Re7 Rxd3 41.
Rxf7+ Kg8 42. Rxd3 Rxd3 43. Rf6 Bg7 44. Rg6 Rxc3 45. Rg5 Rxb3 46. Rxh5 Bd4 47.
Rg5+ Kf7 48. Rxg4 Rxa3 49. Rf4+ Ke6 50. Kh3 b4 51. Rf8 b3 52. Rb8 b2 53. f4 Ra1
54. Rb6+ Kd5 0-1

[Event "PRO League Group Stage"]
[Site "chess.com INT"]
[Date "2018.02.24"]
[Round "7"]
[White "Hauge, Lars Oskar"]
[Black "Altounian, Levon"]
[Result "1/2-1/2"]
[WhiteTitle "IM"]
[BlackTitle "IM"]
[WhiteElo "2436"]
[BlackElo "2443"]
[WhiteTeam "Oslo Trolls"]
[BlackTeam "Las Vegas Desert Rats"]
[WhiteFideId "1509276"]
[BlackFideId "2011298"]
[EventDate "2018.01.18"]

1. d4 c5 2. d5 Nf6 3. Bg5 d6 4. Nc3 g6 5. Qd2 h6 6. Bf4 g5 7. Bg3 Nh5 8. e4 Bg7
9. Bd3 Nxg3 10. hxg3 a6 11. a4 Nd7 12. f4 Qa5 13. Ra3 g4 14. Nge2 Nb6 15. b3 e6
16. Nb1 Qxd2+ 17. Nxd2 exd5 18. a5 dxe4 19. Nxe4 Nd5 20. Nxd6+ Kf8 21. Be4 Nc3
22. Nxc3 Bxc3+ 23. Ke2 Be6 24. Bxb7 Ra7 25. Bc8 Re7 26. Kd3 Bb4 27. Ra4 Kg7 28.
c3 Rd8 29. Bxe6 Rxd6+ 30. Kc4 Bxc3 31. Kxc3 Rexe6 32. f5 Re3+ 33. Kc4 Rxg3 34.
Kxc5 Rf6 35. Rh4 Rxf5+ 36. Kb6 Rf6+ 37. Ka7 Rxb3 38. Rhxg4+ Kf8 39. Rab4 Rxb4
40. Rxb4 Rg6 41. Rb6 Rxg2 42. Rxh6 Kg7 43. Rh3 f5 44. Kxa6 Kf6 45. Rh8 f4 46.
Kb6 Rb2+ 47. Kc5 Ra2 48. a6 f3 49. Rf8+ Ke5 50. Kb6 Rb2+ 51. Kc7 Rc2+ 52. Kb8
Rb2+ 53. Ka8 f2 54. a7 Ke4 55. Rxf2 Rxf2 56. Kb7 Rb2+ 57. Kc7 Ra2 58. Kb7 Kd5
59. a8=Q Rxa8 60. Kxa8 1/2-1/2

[Event "PRO League Group Stage"]
[Site "chess.com INT"]
[Date "2018.02.24"]
[Round "7"]
[White "Hauge, Lars Oskar"]
[Black "Becerra Rivero, Julio"]
[Result "0-1"]
[WhiteTitle "IM"]
[BlackTitle "GM"]
[WhiteElo "2436"]
[BlackElo "2531"]
[WhiteTeam "Oslo Trolls"]
[BlackTeam "Miami Champions"]
[WhiteFideId "1509276"]
[BlackFideId "3501728"]
[EventDate "2018.01.18"]

1. e4 e5 2. Nf3 Nc6 3. Bc4 Nf6 4. d3 Be7 5. O-O d6 6. Bb3 O-O 7. c3 Na5 8. Bc2
c5 9. Re1 Nc6 10. Nbd2 Re8 11. Nf1 h6 12. Ng3 Bf8 13. h3 g6 14. b3 Bg7 15. Bb2
d5 16. a3 a6 17. b4 cxb4 18. axb4 Be6 19. Ba4 b5 20. Bb3 dxe4 21. dxe4 Qxd1 22.
Bxd1 Nd7 23. Nd2 Nb6 24. Nb3 Na4 25. Rb1 Red8 26. Nc5 Nxc5 27. bxc5 Bf8 28. Ba3
Na5 29. Be2 Nb3 30. Red1 Nxc5 31. Bf3 Na4 32. Rxd8 Rxd8 33. Bxf8 Kxf8 34. Rc1
Rc8 35. Ne2 Bc4 0-1

[Event "PRO League Group Stage"]
[Site "chess.com INT"]
[Date "2018.02.24"]
[Round "7"]
[White "Hauge, Lars Oskar"]
[Black "Brown, Michael William"]
[Result "1-0"]
[WhiteTitle "IM"]
[BlackTitle "IM"]
[WhiteElo "2436"]
[BlackElo "2506"]
[WhiteTeam "Oslo Trolls"]
[BlackTeam "San Diego Surfers"]
[WhiteFideId "1509276"]
[BlackFideId "2037602"]
[EventDate "2018.01.18"]

1. d4 d5 2. Bf4 Nf6 3. Nc3 a6 4. e3 e6 5. g4 Bd6 6. g5 Nfd7 7. Bxd6 cxd6 8. h4
Nc6 9. Bg2 Qb6 10. Rb1 h5 11. g6 f5 12. Nge2 Nf6 13. Nf4 Ne7 14. Bf3 Ng4 15. Qd3
Bd7 16. b3 Rh6 17. Nce2 Nxg6 18. Nxg6 Rxg6 19. c4 Qa5+ 20. Qd2 Qxd2+ 21. Kxd2
O-O-O 22. Nf4 Rh6 23. cxd5 e5 24. Ne2 Nxf2 25. Rhf1 Ng4 26. Ng3 Nxe3 27. Kxe3
f4+ 28. Kf2 fxg3+ 29. Kxg3 Rg6+ 30. Kh2 exd4 31. Rbd1 Re8 32. Bxh5 Rh8 33. Bxg6
Rxh4+ 34. Kg3 Rg4+ 35. Kf2 Rxg6 36. Rxd4 Rg5 37. Rg1 Rf5+ 38. Ke3 g5 39. Rd2
Re5+ 40. Kd4 g4 41. Rf2 Kd8 42. Rh1 Rg5 43. Rh8+ Kc7 44. Rff8 g3 45. Rhg8 Rh5
46. Rxg3 Rh4+ 47. Kc3 Kb6 48. Rf7 Bg4 49. Rf4 1-0

[Event "PRO League Group Stage"]
[Site "chess.com INT"]
[Date "2018.02.24"]
[Round "7"]
[White "Della Morte, German"]
[Black "Bordi, Kevin"]
[Result "1/2-1/2"]
[WhiteTitle "IM"]
[WhiteElo "2353"]
[BlackElo "2282"]
[WhiteTeam "Buenos Aires Krakens"]
[BlackTeam "Cannes Blockbusters"]
[WhiteFideId "113522"]
[BlackFideId "621862"]
[EventDate "2018.01.18"]

1. e4 d5 2. exd5 Qxd5 3. Nc3 Qa5 4. d4 Nf6 5. Nf3 c6 6. Bc4 Bf5 7. Bd2 e6 8. Nd5
Qd8 9. Nxf6+ Qxf6 10. Qe2 Bd6 11. d5 O-O 12. Bc3 e5 13. O-O-O Bg4 14. Kb1 b5 15.
Bb3 b4 16. Bd2 c5 17. h3 Bxf3 18. gxf3 Nd7 19. Ba4 Nb6 20. Bc6 Rab8 21. Rdg1 h6
22. h4 e4 23. fxe4 Be5 24. Bc1 Rfc8 25. f4 Bd4 26. Rg3 Rxc6 27. dxc6 Qxc6 28.
Rh2 c4 29. Rhg2 Na4 1/2-1/2

[Event "PRO League Group Stage"]
[Site "chess.com INT"]
[Date "2018.02.24"]
[Round "7"]
[White "Della Morte, German"]
[Black "Manukian, Artak"]
[Result "0-1"]
[WhiteTitle "IM"]
[WhiteElo "2353"]
[BlackElo "2196"]
[WhiteTeam "Buenos Aires Krakens"]
[BlackTeam "Armenia Eagles"]
[WhiteFideId "113522"]
[BlackFideId "13301373"]
[EventDate "2018.01.18"]

1. e4 c5 2. Nf3 d6 3. Bb5+ Bd7 4. Bxd7+ Qxd7 5. O-O Nc6 6. c3 Nf6 7. d4 Nxe4 8.
d5 Ne5 9. Nxe5 dxe5 10. Re1 Nf6 11. Rxe5 e6 12. c4 O-O-O 13. Nc3 Bd6 14. Re1
exd5 15. cxd5 Rhe8 16. Bg5 Be5 17. Qd3 h6 18. Bh4 g5 19. Rxe5 Rxe5 20. Bg3 Rxd5
21. Qf3 Rd3 22. Qe2 Re8 23. Qc2 Rd2 24. Qb3 Qe6 25. h4 Qxb3 26. axb3 a6 27. Na4
Nd7 28. Rc1 b6 29. b4 Re4 30. bxc5 Rxa4 31. c6 Nc5 32. hxg5 hxg5 33. f3 f5 34.
b4 Rxb4 0-1

[Event "PRO League Group Stage"]
[Site "chess.com INT"]
[Date "2018.02.24"]
[Round "7"]
[White "Della Morte, German"]
[Black "Parnali, S Dharia"]
[Result "1/2-1/2"]
[WhiteTitle "IM"]
[BlackTitle "WIM"]
[WhiteElo "2353"]
[BlackElo "2082"]
[WhiteTeam "Buenos Aires Krakens"]
[BlackTeam "Mumbai Movers"]
[WhiteFideId "113522"]
[BlackFideId "5043131"]
[EventDate "2018.01.18"]

1. e4 e5 2. Nf3 Nc6 3. Bc4 Nf6 4. d3 Bc5 5. O-O h6 6. c3 d6 7. a4 a6 8. Nbd2 Bg4
9. Re1 O-O 10. h3 Be6 11. Bxe6 fxe6 12. b4 Bb6 13. Nc4 Ba7 14. Be3 Bxe3 15. Rxe3
Ne7 16. d4 exd4 17. Nxd4 Qd7 18. e5 Nfd5 19. Rg3 Nf5 20. Nxf5 Rxf5 21. Qd2 Kh7
22. Re1 Raf8 23. f3 b5 24. axb5 axb5 25. Na3 dxe5 26. Qd3 c6 27. Rxe5 Qa7+ 28.
Kh2 Qxa3 29. Qd4 R8f7 30. Rxe6 Qxc3 31. Qg4 Nf4 32. Re4 Rg5 33. Qc8 Rxg3 34.
Kxg3 Qf6 35. Kh2 Qg5 36. g3 Nh5 37. Qg4 Qd2+ 38. Kg1 Qd1+ 39. Kg2 Qd2+ 40. Kg1
g6 41. Re6 Qd1+ 42. Kg2 Qc2+ 43. Kg1 Rd7 44. Re1 Qf5 45. Qxf5 gxf5 46. Kf2 Rd2+
47. Ke3 Rb2 48. g4 fxg4 49. hxg4 Ng7 50. Rc1 Rb3+ 51. Ke2 Ne6 52. Rd1 Rxb4 53.
Rd6 Nd4+ 54. Ke3 c5 55. Rd5 Rb3+ 56. Ke4 Rc3 57. f4 b4 58. Rd7+ Kg6 59. Rd6+ Kg7
60. Rd7+ Kf6 61. Rd6+ Ke7 62. Rxh6 b3 63. Rb6 Ne6 64. f5 Ng5+ 65. Kd5 c4 66.
Rb7+ Kf6 67. Rb6+ Kg7 68. Rb7+ Nf7 69. g5 Kg8 70. g6 Ng5 71. f6 Rd3+ 72. Kxc4
Rd8 73. Rxb3 Ne4 74. Rb6 Nd6+ 75. Kc5 Ne4+ 76. Kb4 Rf8 77. f7+ Kg7 78. Kc4 Nd2+
79. Kd4 Nf3+ 80. Kd5 Nh4 81. Ke6 Nxg6 82. Rb7 Nf4+ 83. Kf5 Ng6 84. Ke6 Nh8 85.
Rc7 Nxf7 86. Ra7 Kg6 87. Ke7 Rg8 88. Ra6+ Kh7 89. Kxf7 Rg7+ 90. Ke8 Rg8+ 91. Kf7
Rg7+ 92. Kf8 Rg8+ 93. Kf7 Rg7+ 94. Ke8 Rg8+ 95. Kd7 Rg7+ 96. Kd8 Rg8+ 97. Ke7
Rg7+ 98. Kf8 Rg8+ 99. Kf7 Rg7+ 100. Kf8 1/2-1/2

[Event "PRO League Group Stage"]
[Site "chess.com INT"]
[Date "2018.02.24"]
[Round "7"]
[White "Della Morte, German"]
[Black "Skuhala, Luka"]
[Result "1-0"]
[WhiteTitle "IM"]
[WhiteElo "2353"]
[BlackElo "2059"]
[WhiteTeam "Buenos Aires Krakens"]
[BlackTeam "Ljubljana Turtles"]
[WhiteFideId "113522"]
[BlackFideId "14605678"]
[EventDate "2018.01.18"]

1. e4 b6 2. d4 Bb7 3. Nc3 e6 4. Nf3 Nf6 5. Bd3 d5 6. exd5 Nxd5 7. Ne4 Be7 8. O-O
Nf6 9. Qe2 Nbd7 10. Bf4 h6 11. Rad1 O-O 12. Ne5 Nxe4 13. Bxe4 Bxe4 14. Qxe4 Nf6
15. Qb7 Bd6 16. Nc6 Qd7 17. Be5 Nd5 18. c4 Ne7 19. d5 Bxe5 20. Nxe5 Qd6 21. Nc6
exd5 22. cxd5 Ng6 23. b4 a6 24. Rfe1 Rae8 25. Rxe8 Rxe8 26. Qxa6 Re4 27. Qd3 f5
28. g3 h5 29. a4 h4 30. a5 bxa5 31. bxa5 h3 32. a6 Ne5 33. Qxe4 fxe4 34. a7 Qa3
35. Nxe5 Qxa7 36. Re1 Qa4 37. Ng6 Qd4 38. Nf4 Kh7 39. Nxh3 Qxd5 40. Rxe4 c5 41.
Re3 c4 42. Nf4 Qd1+ 43. Kg2 Qd2 44. Ne2 Kg6 45. h4 Kh7 46. Nc3 Qd4 47. Ne4 Qd5
48. Kh2 Qf5 49. Ng5+ Kg6 50. Re6+ Kh5 51. f3 Qc2+ 52. Kh3 g6 53. g4+ Kh6 54. Re7 1-0

[Event "PRO League Group Stage"]
[Site "chess.com INT"]
[Date "2018.02.24"]
[Round "7"]
[White "Cooper, Lawrence H"]
[Black "Clarke, Brandon G I"]
[Result "0-1"]
[WhiteTitle "IM"]
[BlackTitle "FM"]
[WhiteElo "2347"]
[BlackElo "2360"]
[WhiteTeam "London Lions"]
[BlackTeam "Australia Kangaroos"]
[WhiteFideId "401536"]
[BlackFideId "400319"]
[EventDate "2018.01.18"]

1. e4 c5 2. Nf3 d6 3. Bb5+ Nc6 4. O-O Bd7 5. h3 Nf6 6. Re1 a6 7. Bf1 e5 8. c3
Be7 9. d4 O-O 10. dxe5 dxe5 11. Bg5 Be6 12. Qxd8 Rfxd8 13. Nbd2 b5 14. a4 c4 15.
Ra2 h6 16. Be3 Nd7 17. Rea1 Rab8 18. axb5 axb5 19. Ra6 Rdc8 20. Rb1 Nc5 21. Bxc5
Bxc5 22. b3 b4 23. cxb4 Nxb4 24. Rxe6 fxe6 25. Bxc4 Rb6 26. Nxe5 Rd8 27. Ndf3
Rbd6 28. g4 Nc2 29. Kg2 Nd4 30. Nxd4 Bxd4 31. Nf3 Kf7 32. e5 R6d7 33. Nxd4 Rxd4
34. Ra1 R8d7 35. Ra6 Re7 36. Kf3 g5 37. Rc6 Rd1 38. Ke4 Re1+ 39. Kd4 Rd7+ 40.
Rd6 Ke7 41. Rxd7+ Kxd7 42. b4 Rh1 43. b5 Rxh3 44. Kc5 Rf3 45. b6 Rxf2 46. Bb5+
Kc8 47. Ba6+ Kb8 48. Bc4 Rc2 49. Kb5 Rb2+ 50. Kc6 Rc2 51. Kb5 h5 52. gxh5 g4 53.
h6 g3 54. Bf1 Rh2 55. Kc6 Rxh6 56. Kd6 Kb7 57. Kc5 Rh2 58. Bd3 g2 59. Be4+ Kb8
60. Bxg2 Rxg2 61. Kd6 Rg6 62. Ke7 Kb7 63. Kf7 Rh6 64. Kg7 Rh1 65. Kf6 Kxb6 66.
Kxe6 Kc7 67. Ke7 Rh7+ 68. Kf6 Kd8 69. e6 Ke8 0-1

[Event "PRO League Group Stage"]
[Site "chess.com INT"]
[Date "2018.02.24"]
[Round "7"]
[White "Cooper, Lawrence H"]
[Black "Thavandiran, Shiyam"]
[Result "0-1"]
[WhiteTitle "IM"]
[BlackTitle "IM"]
[WhiteElo "2347"]
[BlackElo "2399"]
[WhiteTeam "London Lions"]
[BlackTeam "Montreal Chessbrahs"]
[WhiteFideId "401536"]
[BlackFideId "2605058"]
[EventDate "2018.01.18"]

1. e4 c6 2. c4 d5 3. cxd5 cxd5 4. exd5 Nf6 5. Qa4+ Nbd7 6. Nc3 g6 7. Bc4 Bg7 8.
Nf3 O-O 9. d3 a6 10. Qa3 b6 11. O-O Bb7 12. Re1 b5 13. Bb3 Re8 14. Bg5 Rc8 15.
d4 Qb6 16. Qb4 Bf8 17. Bf4 e5 18. dxe6 Bxb4 19. exf7+ Kg7 20. fxe8=N+ Rxe8 21.
Rxe8 Nxe8 22. Ng5 Nf8 23. Re1 Nf6 24. Be5 h6 25. Nge4 Bxe4 26. Rxe4 Bxc3 27.
bxc3 Nd7 28. h4 Nxe5 29. Rxe5 Qc7 30. Rc5 Qf4 31. g3 Qc1+ 32. Kg2 h5 33. Be6 Ne4
34. Rc7+ Kf8 35. d5 Qd2 36. Rf7+ Ke8 37. Rf4 Nd6 38. a4 Qxc3 39. axb5 axb5 40.
g4 b4 41. gxh5 gxh5 42. Rf3 Qg7+ 43. Rg3 Qb2 44. Rg5 b3 45. Rxh5 Qc2 46. Rh8+
Ke7 47. Rb8 b2 48. h5 b1=Q 49. Rxb1 Qxb1 50. h6 Qg6+ 0-1

[Event "PRO League Group Stage"]
[Site "chess.com INT"]
[Date "2018.02.24"]
[Round "7"]
[White "Cooper, Lawrence H"]
[Black "Nemcova, Katerina"]
[Result "1/2-1/2"]
[WhiteTitle "IM"]
[BlackTitle "WGM"]
[WhiteElo "2347"]
[BlackElo "2315"]
[WhiteTeam "London Lions"]
[BlackTeam "Webster Windmills"]
[WhiteFideId "401536"]
[BlackFideId "322750"]
[EventDate "2018.01.18"]

1. d4 d5 2. c4 dxc4 3. Nf3 Nf6 4. e3 e6 5. Bxc4 a6 6. O-O c5 7. Qe2 b5 8. Bb3
Bb7 9. a4 b4 10. a5 Nbd7 11. Rd1 Qc7 12. Nbd2 Be7 13. e4 cxd4 14. Nxd4 Nc5 15.
Bc2 Bd6 16. N4f3 Bf4 17. Nc4 O-O 18. e5 Bxf3 19. Qxf3 Bxe5 20. Nxe5 Qxe5 21. Be3
Rac8 22. Bd4 Qh5 23. Qg3 Ncd7 24. Bd3 e5 25. Be3 Nc5 26. Bxc5 Rxc5 27. Bxa6 e4
28. Qb3 Rxa5 29. Bc4 Rg5 30. h3 Qg6 31. Bf1 Qf5 32. Rd4 Nh5 33. Rxb4 Nf4 34. Kh2
Nd3 35. Bxd3 exd3 36. f4 Rg6 37. Rd1 Rd6 38. Qc4 h5 39. Rb3 Rfd8 40. Rb5 Qg6 41.
Rg5 Qf6 42. Rxh5 g6 43. Rc5 Rd4 44. Qc1 Rxf4 45. Rc8 Rd4 46. Qc7 Rxc8 47. Qxc8+
Kg7 48. Qc3 Qf4+ 49. Kh1 d2 50. b4 f6 51. b5 Qd6 52. b6 Qxb6 53. Rxd2 Qb1+ 54.
Kh2 Qb8+ 55. Kh1 Qb1+ 56. Kh2 Qb8+ 57. Kh1 Qb1+ 58. Kh2 1/2-1/2

[Event "PRO League Group Stage"]
[Site "chess.com INT"]
[Date "2018.02.24"]
[Round "7"]
[White "Cooper, Lawrence H"]
[Black "Ravuri, Vinesh"]
[Result "1-0"]
[WhiteTitle "IM"]
[WhiteElo "2347"]
[BlackElo "1990"]
[WhiteTeam "London Lions"]
[BlackTeam "San Jose Hackers"]
[WhiteFideId "401536"]
[BlackFideId "45042632"]
[EventDate "2018.01.18"]

1. e4 e5 2. Nf3 Nc6 3. Bb5 a6 4. Ba4 Nf6 5. O-O Be7 6. Re1 b5 7. Bb3 d6 8. c3
O-O 9. h3 Bb7 10. d4 Nd7 11. Nbd2 exd4 12. cxd4 Bf6 13. Nf1 Re8 14. Ng3 g6 15.
Bh6 Na5 16. Qd2 Nxb3 17. axb3 c5 18. d5 Ne5 19. Nxe5 Bxe5 20. Bg5 Bf6 21. h4
Bxg5 22. hxg5 f6 23. gxf6 Qxf6 24. b4 c4 25. f4 Re7 26. Ra3 Rae8 27. Rf3 Bc8 28.
e5 dxe5 29. d6 Rd7 30. fxe5 Qe6 31. Ne4 Kh8 32. Ng5 Qe7 33. dxe7 Rxd2 34. Rf8+ 1-0

[Event "PRO League Group Stage"]
[Site "chess.com INT"]
[Date "2018.02.24"]
[Round "7"]
[White "Jobava, Baadur"]
[Black "Hansen, Eric"]
[Result "1-0"]
[WhiteTitle "GM"]
[BlackTitle "GM"]
[WhiteElo "2690"]
[BlackElo "2629"]
[WhiteTeam "Stockholm Snowballs"]
[BlackTeam "Montreal Chessbrahs"]
[WhiteFideId "13601520"]
[BlackFideId "2606771"]
[EventDate "2018.01.18"]

1. b3 e5 2. Bb2 Nc6 3. e3 Nf6 4. h3 a6 5. Nf3 d6 6. d4 Qe7 7. Nc3 Bf5 8. g4 exd4
9. Nxd4 Nxd4 10. Qxd4 Be6 11. O-O-O c6 12. Bg2 O-O-O 13. Qa7 Qc7 14. Na4 Nd7 15.
f4 f6 16. e4 Be7 17. Ba3 Rhe8 18. Kb1 Qb8 19. Qxb8+ Nxb8 20. Bb4 b5 21. Nc3 Rd7
22. Ne2 d5 23. Bxe7 Rexe7 24. Ng3 Kc7 25. exd5 Bxd5 26. Bxd5 cxd5 27. Rhe1 Nc6
28. Rxe7 Nxe7 29. Nh5 Nc6 30. c3 Kd8 31. Kc2 Ke8 32. f5 Kf7 33. Nf4 Ne7 34. Ne6
g6 35. Nd4 Rd8 36. b4 gxf5 37. gxf5 Rg8 38. Kb3 Rg3 39. h4 Rh3 40. Ra1 Rxh4 41.
a4 bxa4+ 42. Rxa4 Rh1 43. Rxa6 h5 44. Ra7 Ke8 45. b5 h4 46. Kb4 h3 47. Kc5 Rc1
48. Ra8+ Kd7 49. Ra7+ Ke8 50. b6 Rxc3+ 51. Kb5 Rc1 52. Ra2 Kd7 53. Ka6 Rb1 54.
Rc2 Rb4 55. b7 h2 56. Rxh2 Nc6 57. Nxc6 Kxc6 58. Rc2+ Kd6 59. Rc8 d4 60. b8=Q+
Rxb8 61. Rxb8 Ke5 62. Kb5 1-0